[Event "Titled Tuesday intern op 17th May Early"]
[Site "Chess.com INT"]
[Date "2022.05.17"]
[Round "1"]
[White "Abdusattorov, Nodirbek"]
[Black "Maevsky, Nikolay"]
[Result "1-0"]
[WhiteElo "2661"]
[BlackElo "2337"]
[PlyCount "83"]
[EventDate "2022.05.17"]
[EventType "swiss (blitz)"]
[EventRounds "11"]
[EventCountry "USA"]
[SourceTitle "CBM 208 Extra"]
[Source "ChessBase"]
[SourceDate "2022.07.31"]
[SourceVersion "1"]
[SourceVersionDate "2022.07.31"]
[SourceQuality "1"]

1. c4 c6 2. d4 d5 3. Nc3 Nf6 4. cxd5 cxd5 5. Bf4 Nc6 6. e3 Bf5 7. Nf3 e6 8. Ne5 Nd7 9. Nxc6 bxc6 10. Rc1 Qb6 11. Qd2 Bb4 12. a3 Bxc3 13. Qxc3 0-0 14. Be2 Rfc8 15. b4 a5 16. 0-0 axb4 17. axb4 h6 18. Rfe1 Ra4 19. Bd6 Raa8 20. h4 Nf6 21. f3 h5 22. Ra1 Rxa1 23. Rxa1 Ne8 24. Bc5 Qd8 25. g3 Ra8 26. Ra5 Qb8 27. Kf2 Nc7 28. Bd6 Rxa5 29. bxa5 Qb7 30. Bxc7 Qxc7 31. a6 g5 32. hxg5 h4 33. gxh4 Qh2+ 34. Ke1 Qg1+ 35. Kd2 Qb1 36. Qa3 Qc2+ 37. Ke1 Qb1+ 38. Kf2 Qb8 39. a7 Qh2+ 40. Ke1 Qg1+ 41. Kd2 Kg7 42. a8Q 1-0

[Event "Titled Tuesday intern op 17th May Early"]
[Site "Chess.com INT"]
[Date "2022.05.17"]
[Round "5"]
[White "Maevsky, Nikolay"]
[Black "Garriga Cazorla, Pere"]
[Result "0-1"]
[WhiteElo "2337"]
[BlackElo "2495"]
[PlyCount "56"]
[EventDate "2022.05.17"]
[EventType "swiss (blitz)"]
[EventRounds "11"]
[EventCountry "USA"]
[SourceTitle "CBM 208 Extra"]
[Source "ChessBase"]
[SourceDate "2022.07.31"]
[SourceVersion "1"]
[SourceVersionDate "2022.07.31"]
[SourceQuality "1"]

1. d4 Nf6 2. Nf3 e6 3. e3 d5 4. Bd3 b6 5. b3 Bb7 6. Bb2 Bd6 7. Nbd2 0-0 8. 0-0 c5 9. Ne5 Nc6 10. f4 Ne7 11. Qe2 Rc8 12. Rad1 Qc7 13. dxc5 Bxc5 14. Ndf3 Ne4 15. Nd4 Nf5 16. Bxe4 dxe4 17. c4 Rfd8 18. Nxf5 exf5 19. g4 f6 20. gxf5 fxe5 21. Bxe5 Qf7 22. Kf2 Qxf5 23. Rg1 g6 24. Rg3 Rd3 25. Ba1 Bxe3+ 26. Kg2 Bxf4 27. Qb2 e3+ 28. Kg1 Rxd1# 0-1

[Event "Titled Tuesday intern op 10th May Early"]
[Site "Chess.com INT"]
[Date "2022.05.10"]
[Round "3"]
[White "Girinath, PDS"]
[Black "Maevsky, Nikolay"]
[Result "0-1"]
[WhiteElo "2361"]
[BlackElo "2337"]
[PlyCount "96"]
[EventDate "2022.05.10"]
[EventType "swiss (blitz)"]
[EventRounds "11"]
[EventCountry "USA"]
[SourceTitle "CBM 208 Extra"]
[Source "ChessBase"]
[SourceDate "2022.07.31"]
[SourceVersion "1"]
[SourceVersionDate "2022.07.31"]
[SourceQuality "1"]

1. e4 c6 2. d3 d5 3. Nd2 g6 4. Ngf3 Bg7 5. g3 a5 6. a4 Bg4 7. Bg2 e6 8. h3 Bxf3 9. Qxf3 Ne7 10. 0-0 Na6 11. c3 0-0 12. d4 f5 13. exd5 exd5 14. Qd3 Re8 15. Nf3 Nc8 16. Bf4 Nd6 17. Bxd6 Qxd6 18. Rfe1 Nc7 19. h4 Bf6 20. Ng5 h6 21. Nf3 h5 22. Ng5 Re7 23. Rxe7 Qxe7 24. Nf3 Re8 25. Re1 Qd7 26. Ne5 Bxe5 27. dxe5 Ne6 28. Rd1 Qc7 29. c4 d4 30. f4 Qb6 31. Rd2 Rd8 32. Kh2 Nc5 33. Qe2 Ne6 34. Qd3 Qb4 35. Bf1 Qxa4 36. b3 Qb4 37. Ra2 Nc5 38. Qd1 Ne4 39. Ra4 Qb6 40. c5 Qxc5 41. Bc4+ Kg7 42. Bd3 Nc3 43. Qa1 Nxa4 44. Qxa4 Qb4 45. Qa1 Qd2+ 46. Kh3 Qxd3 47. Qa3 Kf7 48. Qc5 Rd7 0-1

[Event "Titled Tuesday intern op 10th May Early"]
[Site "Chess.com INT"]
[Date "2022.05.10"]
[Round "10"]
[White "Maevsky, Nikolay"]
[Black "Devaev, Alexander"]
[Result "1-0"]
[WhiteElo "2337"]
[BlackElo "2325"]
[PlyCount "71"]
[EventDate "2022.05.10"]
[EventType "swiss (blitz)"]
[EventRounds "11"]
[EventCountry "USA"]
[SourceTitle "CBM 208 Extra"]
[Source "ChessBase"]
[SourceDate "2022.07.31"]
[SourceVersion "1"]
[SourceVersionDate "2022.07.31"]
[SourceQuality "1"]

1. d4 Nf6 2. Nf3 e6 3. e3 c5 4. Bd3 b6 5. 0-0 Bb7 6. c4 d6 7. Nc3 Be7 8. d5 e5 9. e4 0-0 10. a3 Nbd7 11. b4 a6 12. Rb1 Bc8 13. Bd2 Nh5 14. g3 g6 15. Ne1 Bg5 16. f4 Bh6 17. f5 Bxd2 18. Qxd2 Nhf6 19. Ng2 Kg7 20. Ne3 h5 21. Ng2 Rh8 22. h4 Ng4 23. Be2 Nh6 24. Qg5 Nf6 25. bxc5 bxc5 26. Rb3 Nh7 27. Qxd8 Rxd8 28. Ne3 Nf6 29. Rb6 Ra7 30. a4 Rb7 31. a5 Rdd7 32. Rfb1 Rbc7 33. Bf3 Rd8 34. fxg6 fxg6 35. Rc6 Rb7 36. Rbb6 1-0